Journal of applied animal research

Detalles Bibliográficos
Formato: Electrónico Revista
Lenguaje:inglés
Publicado: Janakpuri, Izatnagar, India : Garuda Scientific Publications, 1992-
[Philadelphia, PA] : Taylor and Francis
Materias:
Acceso en línea:Full text available from Research Library: 12/01/2016 to 12/31/2017
Full text available from Research Library: 01/01/2019 to present

MARC

LEADER 00000nas a2200000 a 4500
001 ssj0000493261
003 WaSeSS
005 20200512172242.0
006 m d
007 cr n
008 110207c19929999pauqr p s 0 a0eng c
010 |a  2011262121 
015 |a GBB622682  |2 bnb 
016 7 |a 016637004  |2 Uk 
022 |a 0974-1844  |y 0971-2119 
035 |a (WaSeSS)ssj0000493261 
040 |a I9W  |b eng  |e pn  |c I9W  |d OCLCQ  |d CGU  |d TXA  |d OCLCQ  |d OCLCF  |d OCLCQ  |d DLC  |d NLE  |d OCLCA  |d UKMGB  |d DLC  |d VT2  |d WaSeSS 
041 0 |a eng  |b hin 
042 |a pcc  |a nsdp 
043 |a a-ii---  |a w------ 
050 0 0 |a SF55.I4 
082 1 0 |a 636  |2 23 
210 0 |a J. appl. anim. res.  |b (Online) 
222 0 |a Journal of applied animal research  |b (Online) 
245 0 0 |a Journal of applied animal research  |h [electronic resource]. 
246 1 3 |a Applied animal research 
246 1 3 |a JAAR 
260 |3 1992- :  |a Janakpuri, Izatnagar, India :  |b Garuda Scientific Publications,  |c 1992- 
260 |3 <2011>- :  |a [Philadelphia, PA] :  |b Taylor and Francis 
310 |a Four no. a year,  |b 2011- 
321 |a Semiannual,  |b 1992-2010 
362 1 |a Began with Vol. 1, issue 1 (1992). 
506 |a License restrictions may limit access. 
546 |a In English; summaries in Hindi. 
588 |a Description based on: Vol. 1, issue 1 (1992); title from PDF running title (Taylor & Francis Online Web site, viewed on Sept. 23, 2011). 
588 |a Latest issue consulted: Vol. 46, issue 1 (2018) (viewed on Nov. 28, 2018). 
650 0 |a Animal culture  |z India  |v Periodicals. 
650 0 |a Animal culture  |z Tropics  |v Periodicals. 
650 7 |a Animal culture.  |2 fast  |0 (OCoLC)fst00809131 
651 7 |a India.  |2 fast  |0 (OCoLC)fst01210276 
651 7 |a Tropics.  |2 fast  |0 (OCoLC)fst01240674 
655 0 |a Electronic journals. 
776 0 8 |i Print version:  |t Journal of applied animal research  |x 0971-2119  |w (DLC)sn 93015715  |w (OCoLC)28654956 
850 |a DLC 
856 4 0 |z Full text available from Research Library: 12/01/2016 to 12/31/2017  |u https://search.proquest.com/publication/3933148 
856 4 0 |z Full text available from Research Library: 01/01/2019 to present  |u https://search.proquest.com/publication/3933148